| 000 | 00379nam a22001337a 4500 | ||
|---|---|---|---|
| 082 |
_a621.31934 _bDUN _cL-10, P-18 |
||
| 100 |
_aDunsheath, P. _941503 |
||
| 245 |
_aHigh voltage cables / _cP Dunsheath |
||
| 260 |
_aNew York : _bSR ISAAC Pitman & Sons Ltd, _cc1929. |
||
| 300 | _axii, 23 p. : | ||
| 526 |
_a0 _b0 _c0 _d621_319340000000000_DUN |
||
| 650 |
_aMCE _9379 |
||
| 942 |
_2ddc _cBK |
||
| 999 |
_c545595 _d545595 |
||